| 000 | 00591nam a22001937a 4500 | ||
|---|---|---|---|
| 005 | 20160725105125.0 | ||
| 010 | _aENG-115507 | ||
| 020 |
_a9789381384343 _c96.00 |
||
| 035 | _aEN-99039 | ||
| 037 | _bDBAD/PUB | ||
| 082 | _a032 | ||
| 100 | _aGarg,Sanjeev | ||
| 245 |
_a(Five hunderd one) 501 Astonishing facts / _cby Sangeev Garg ; illustrated by Udayshankar |
||
| 260 |
_aNew Delhi _bV & S Publishers _c2015 |
||
| 270 |
_aF-2/16,Ansari Road,Daryaganj _bNew Delhi _e110002 |
||
| 300 |
_a119p. : _c21cm(pbk) _bill |
||
| 700 | _aUdayshankar | ||
| 942 |
_2ddc _cEN _h032 _mGAR |
||
| 999 |
_c101430 _d101430 |
||